geography for beginners - Statistics

General Stats
  • This quiz has been taken 50 times
  • The average score is 8 of 9
Answer Stats
Hint Answer % Correct
first president of the US george washington
98%
capital of russia moscow
98%
capital city of austria vienna
98%
capital of ukraine kyiv
95%
official language of morocco arabic
93%
current president of russia vladimir putin
93%
official language of brazil portugese
90%
number of states in america fifty
83%
countries in africa fifty four
83%
No matching quizzes found
Score Distribution
Percent of People with Each Score
Percentile by Number Answered
Your Score History
You have not taken this quiz